| 000 | 00469nam a2200193Ia 4500 | ||
|---|---|---|---|
| 005 | 20240823045952.0 | ||
| 008 | 240823s9999||||xx |||||||||||||| ||und|| | ||
| 020 | _a978-81-264-7378-6 | ||
| 041 | _aENGLISH | ||
| 082 | _A005.8 Q3 | ||
| 100 | _aKevin Beaver | ||
| 245 | 0 | _aHacking for Dummies | |
| 250 | _a4th | ||
| 260 |
_c2013 _bWiley India Pv _aNew Delhi |
||
| 500 | _aTRANSFERED | ||
| 650 |
_aHacking _bInformation Technology |
||
| 942 | _cBK | ||
| 999 |
_c216185 _d216185 |
||